| 000 | 00873cam a22002891 4500 | ||
|---|---|---|---|
| 999 |
_c232847 _d232847 |
||
| 001 | 7039462 | ||
| 003 | Nust | ||
| 005 | 20170223163317.0 | ||
| 008 | 720526s1962 mdu 000 0 eng | ||
| 010 | _a 63002004 | ||
| 015 | _aGB62-13861 | ||
| 020 | _a9780140444216 | ||
| 035 | _a(OCoLC)319197 | ||
| 040 |
_aDLC _cOAU _dOCoLC _dUk _dDLC |
||
| 041 | 1 |
_aeng _hund |
|
| 042 | _apremarc | ||
| 050 | 0 | 0 |
_aJC71.A41 _bS5 |
| 082 |
_a320.1 _bARI |
||
| 100 | 0 | _aAristotle. | |
| 245 | 0 | 4 |
_aThe politics. _cTranslated with an introd. by T.A. Sinclair. |
| 260 |
_aBaltimore, _bPenguin Books _c1962 |
||
| 300 |
_a508 p. _c18 cm. |
||
| 440 | 4 | _aThe Penguin classics | |
| 650 | 0 | _aPolitical science. | |
| 700 | 1 |
_aSinclair, T. A. _q(Thomas Alan), _d1899-1961, _eed. and tr. |
|
| 906 |
_a7 _bcbc _coclcrpl _du _encip _f19 _gy-gencatlg |
||
| 942 |
_2ddc _cBK |
||